[Event "Buenos Aires Najdorf"]
[Site "Buenos Aires"]
[Date "1991.??.??"]
[Round "2"]
[White "Boissonet, Carlos P"]
[Black "Amura, Claudia Noemi"]
[Result "1-0"]
[WhiteElo "2400"]
[BlackElo "2405"]

1.d4 Nf6 2.c4 g6 3.Nc3 d5 4.cxd5 Nxd5 5.e4 Nxc3 6.bxc3 Bg7 7.Bb5+ c6 8.Ba4 O-O
9.Ne2 c5 10.O-O Bd7 11.Rb1 cxd4 12.cxd4 b6 13.Be3 Nc6 14.Bb5 Na5 15.Ba6 Bc8
16.Bd3 Bb7 17.d5 Rc8 18.Qa4 e6 19.Rfd1 exd5 20.Bb5 Bc6 21.Bxc6 Rxc6 22.exd5 Rd6
23.Qb5 Re8 24.Rd3 Qa8 25.Rbd1 Red8 26.Ng3 h5 27.Ne4 a6 28.Qa4 Rxd5 29.Rxd5 Rxd5
30.Rxd5 Qxd5 31.Qe8+ Kh7 32.Ng5+ Kh6 33.Nxf7+ Kh7 34.Ng5+ Kh6 35.Ne6+ Kh7
36.Qxg6+ Kxg6 37.Nf4+ Kf5 38.Nxd5 Nc4 39.Nxb6 Nxe3 40.fxe3 Ke4 41.Kf2 Bh6
42.Nc4 Kd3 43.Nb2+ Kc3 44.Na4+ Kb4 45.Nb6 Ka3 46.e4 Kxa2 47.e5 Kb3 48.h4 Bf8
49.g4 Kc3 50.g5 Kd4 51.e6 Bc5 52.Nd7  1-0

[Event "GEBA"]
[Site "Buenos Aires"]
[Date "1991.??.??"]
[Round "6"]
[White "Markeluk, Sergio"]
[Black "Sanchez Almeyra, Jorge"]
[Result "1-0"]
[WhiteElo "2375"]
[BlackElo "2415"]

1.d4 Nf6 2.c4 g6 3.Nc3 d5 4.cxd5 Nxd5 5.e4 Nxc3 6.bxc3 Bg7 7.Bc4 c5 8.Ne2 O-O
9.Be3 Nc6 10.Rc1 Qc7 11.h4 e5 12.h5 cxd4 13.cxd4 exd4 14.Nxd4 Nxd4 15.Bxd4 Qf4
16.Bxg7 Qxe4+ 17.Kf1 Kxg7 18.hxg6 hxg6 19.Qd2 Bf5 20.Qc3+ f6 21.Re1  1-0

[Event "Cappelle op"]
[Site "Cappelle la Grande"]
[Date "1991.??.??"]
[Round "4"]
[White "Chevallier, Didier"]
[Black "Banas, Jan"]
[Result "1-0"]
[WhiteElo "2260"]
[BlackElo "2370"]

1.d4 Nf6 2.c4 g6 3.Nc3 d5 4.cxd5 Nxd5 5.e4 Nxc3 6.bxc3 Bg7 7.Bc4 c5 8.Ne2 O-O
9.O-O Nc6 10.Be3 Na5 11.Bb5 cxd4 12.cxd4 Bd7 13.Rb1 e6 14.Qd3 b6 15.Rfc1 Rc8
16.Ba6 Rxc1+ 17.Rxc1 Bc6 18.Nf4 Qd6 19.d5 exd5 20.exd5 Ba8 21.h4 Be5 22.Qd2 Rd8
23.Be2 Qe7 24.Bf3 Qxh4 25.Nh3 Qa4 26.Bg5 f6 27.Bh6 Qd7 28.Nf4 Bb7 29.Ne6 Re8
30.Bf4 Bxf4 31.Qxf4 Bxd5 32.Rd1 Rxe6 33.Bxd5 Kg7 34.Bb3 Qe7 35.Bxe6 Qxe6
36.Rc1 Nc6 37.Qc7+ Ne7 38.Qxa7 Kh6 39.Qa3 Nd5  1-0

[Event "JUG-chT Cetinje"]
[Site "Cetinje"]
[Date "1991.??.??"]
[Round "6"]
[White "Stamenkovic, Zoran"]
[Black "Antic, Dejan"]
[Result "1-0"]
[WhiteElo "2345"]
[BlackElo "2390"]

1.d4 Nf6 2.c4 g6 3.Nc3 d5 4.cxd5 Nxd5 5.e4 Nxc3 6.bxc3 Bg7 7.Bc4 O-O 8.Ne2 Nc6
9.Ba3 Na5 10.Bd3 b6 11.O-O Re8 12.Qc2 Bb7 13.Rad1 Qd7 14.f4 e6 15.Ng3 c5
16.dxc5 Qc7 17.cxb6 axb6 18.Bb4 Rec8 19.e5 Bd5 20.Be4 Qc4 21.Bxd5 exd5 22.Qd3 Nc6
23.a3 Nxb4 24.cxb4 Qa2 25.Qxd5 Qxd5 26.Rxd5 Rxa3 27.f5 Ra2 28.Rf2 Ra1+ 29.Nf1 gxf5
30.Rxf5 Rb1 31.Rd4 Bf8 32.Rg4+ Kh8 33.Rxf7 Bxb4 34.h4 Rcc1 35.Rgf4 Bc5+ 36.Kh2 Re1
37.Nd2 Rxe5 38.Nxb1  1-0

[Event "Cheliabinsk-B"]
[Site "Cheliabinsk"]
[Date "1991.??.??"]
[Round "?"]
[White "Czerwonski, Aleksander"]
[Black "Yandemirov, Valeri"]
[Result "1/2-1/2"]
[WhiteElo "2350"]
[BlackElo "2420"]

1.d4 Nf6 2.c4 g6 3.Nc3 d5 4.cxd5 Nxd5 5.e4 Nxc3 6.bxc3 Bg7 7.Nf3 c5 8.Rb1 O-O
9.Be2 Nc6 10.d5 Ne5 11.Nxe5 Bxe5 12.Qd2 e6 13.f4 Bg7 14.c4 Qe8 15.e5 f6 16.exf6 Bxf6
17.O-O Bd4+ 18.Kh1 exd5 19.cxd5 Qe4 20.Bb2 Qxd5 21.Rfc1 Be6 22.Bc4 Qd7 23.Bxe6+ Qxe6
24.Bxd4 cxd4  1/2-1/2

[Event "Cheliabinsk-B"]
[Site "Cheliabinsk"]
[Date "1991.??.??"]
[Round "?"]
[White "Ivanov, Sergey"]
[Black "Yandemirov, Valeri"]
[Result "1/2-1/2"]
[WhiteElo "2440"]
[BlackElo "2420"]

1.d4 Nf6 2.c4 g6 3.Nc3 d5 4.cxd5 Nxd5 5.e4 Nxc3 6.bxc3 Bg7 7.Nf3 c5 8.Rb1 O-O
9.Be2 cxd4 10.cxd4 Qa5+ 11.Bd2 Qxa2 12.O-O Bg4 13.d5 b6 14.Bb4 Re8 15.Bb5 Bd7
16.Nd4 Bxb5 17.Nxb5 Qc4 18.Qa4 Rc8 19.d6 exd6 20.Nxd6 Qc6 21.Qa2 Rc7 22.Rfd1 a5
23.Nxf7 Qc4 24.Rbc1 Qxa2 25.Rd8+ Kxf7 26.Rxc7+ Nd7 27.Rdxd7+ Ke8 28.Re7+ Kd8
29.Rcd7+ Kc8 30.Rc7+  1/2-1/2

[Event "Cheliabinsk-A"]
[Site "Cheliabinsk"]
[Date "1991.??.??"]
[Round "?"]
[White "Vyzmanavin, Alexey"]
[Black "Dvoirys, Semen I"]
[Result "0-1"]
[WhiteElo "2590"]
[BlackElo "2525"]

1.d4 Nf6 2.c4 g6 3.Nc3 d5 4.cxd5 Nxd5 5.e4 Nxc3 6.bxc3 Bg7 7.Be3 c5 8.Qd2 cxd4
9.cxd4 Nc6 10.Bb5 O-O 11.Ne2 Qa5 12.Qxa5 Nxa5 13.Rc1 a6 14.Bd3 Nc6 15.d5 Ne5
16.Bb1 b5 17.O-O e6 18.Rfd1 exd5 19.exd5 Nc4 20.Bc5 Re8 21.Nd4 Bb7 22.d6 Rad8
23.Nb3 Bh6 24.Rxc4 bxc4 25.Na5 Bd5 26.Kf1 Re5 27.Bb4 Bf8 28.Bc2 Bxd6 29.Bc3 Rg5
30.Bf6 Bxg2+ 31.Kg1 Bxh2+ 32.Kxh2 Rxd1 33.Bxg5 Rd5 34.Bf6 Rxa5 35.Kxg2 Rxa2
36.Be4 Rd2 37.Kf3 h5 38.Ke3 Rd6 39.Be5 Re6 40.Kd4 c3 41.Kd5 a5 42.Bxc3 a4
43.f4 a3 44.f5 gxf5 45.Bxf5 Re2 46.Bd3 Rf2  0-1

[Event "Cheliabinsk-B"]
[Site "Cheliabinsk"]
[Date "1991.??.??"]
[Round "?"]
[White "Shipov, Sergei"]
[Black "Yandemirov, Valeri"]
[Result "1/2-1/2"]
[WhiteElo "2450"]
[BlackElo "2420"]

1.d4 Nf6 2.c4 g6 3.Nc3 d5 4.cxd5 Nxd5 5.e4 Nxc3 6.bxc3 Bg7 7.Be3 c5 8.Qd2 Qa5
9.Nf3 cxd4 10.cxd4 Qxd2+ 11.Kxd2 e6  1/2-1/2

[Event "Cheliabinsk"]
[Site "Cheliabinsk"]
[Date "1991.??.??"]
[Round "?"]
[White "Sherbakov, Ruslan"]
[Black "Lhagvasuren, Cedendemberel"]
[Result "1-0"]
[WhiteElo "2505"]
[BlackElo "2350"]

1.d4 Nf6 2.c4 g6 3.Nc3 d5 4.cxd5 Nxd5 5.e4 Nxc3 6.bxc3 Bg7 7.Be3 c5 8.Qd2 Qa5
9.Rb1 a6 10.Rc1 cxd4 11.cxd4 Qxd2+ 12.Kxd2 O-O 13.Bd3 f5 14.f3 Nc6 15.Ne2 fxe4
16.fxe4 Bg4 17.d5 Ne5 18.Nd4 Nxd3 19.Kxd3 Rac8 20.a4 Bd7 21.a5 Be5 22.h3 Kg7
23.Rxc8 Rxc8 24.Rb1 Rc7 25.Nf3 Bd6 26.Bd4+ Kg8 27.Ke3 Bb5 28.Be5 Bc5+ 29.Kd2 Rd7
30.Ng5 Rd8 31.Ne6 Rc8 32.Nc7 Bd4 33.Bg3 Bf2 34.Be5 Bd4 35.Bg3 Bf2 36.Bh2 Bc4
37.Rxb7 Bf1 38.Ne6 Bh4 39.d6 exd6 40.Bxd6 Re8 41.Nc5 Bxg2 42.Ke3 Bd8 43.Rb6 Bf1
44.e5 Bxb6 45.axb6 Bg2 46.Ne4 a5 47.b7 a4 48.Nf6+ Kf7 49.Nxe8 Bxb7 50.Nf6 Ke6
51.Nxh7 a3 52.Nf8+  1-0

[Event "National op"]
[Site "Chicago"]
[Date "1991.??.??"]
[Round "5"]
[White "Tennant, Steven"]
[Black "Kudrin, Sergey"]
[Result "0-1"]
[WhiteElo "2240"]
[BlackElo "2510"]

1.d4 Nf6 2.c4 g6 3.Nc3 d5 4.cxd5 Nxd5 5.e4 Nxc3 6.bxc3 Bg7 7.Be3 c5 8.Rc1 O-O
9.Nf3 Nd7 10.Bd3 Qa5 11.Qd2 Nb6 12.O-O Na4 13.Bh6 Bg4 14.Bxg7 Kxg7 15.Ne5 Bc8
16.Nc4 Qc7 17.d5 b5 18.Ne3 c4 19.Bc2 Nc5 20.Qd4+ f6 21.f4 e5 22.fxe5 fxe5
23.Qd2 Bd7 24.Bb1 Qd6 25.Rxf8 Rxf8 26.Rf1 Rxf1+ 27.Nxf1 Qb6 28.Kh1 a5 29.Ng3 h6
30.Ne2 Nb7 31.Nc1 Nd6 32.g3 Bh3 33.Qe1 Qa7 34.Bc2 Qf7 35.Qe2 Bg4 36.Qe1 Qf3+
37.Kg1 Bh3 38.Qe2 Qxc3 39.Kf2 h5  0-1

[Event "Capablanca mem"]
[Site "Cienfuegos"]
[Date "1991.??.??"]
[Round "7"]
[White "Soppe, Guillermo"]
[Black "Neverov, Valeriy"]
[Result "0-1"]
[WhiteElo "2425"]
[BlackElo "2540"]

1.d4 Nf6 2.c4 g6 3.Nc3 d5 4.cxd5 Nxd5 5.e4 Nxc3 6.bxc3 Bg7 7.Bb5+ c6 8.Bc4 b5
9.Bb3 b4 10.Bb2 bxc3 11.Bxc3 Ba6 12.h4 Nd7 13.h5 c5 14.hxg6 hxg6 15.Rxh8+ Bxh8
16.Qf3 e6 17.O-O-O  0-1

[Event "Ingrid Larsen mem (Women)"]
[Site "Copenhagen"]
[Date "1991.??.??"]
[Round "?"]
[White "Heinatz, Gundula"]
[Black "Richtrova, Eliska"]
[Result "1/2-1/2"]
[WhiteElo "2220"]
[BlackElo "2305"]

1.d4 Nf6 2.c4 g6 3.Nc3 d5 4.cxd5 Nxd5 5.e4 Nxc3 6.bxc3 Bg7 7.Bc4 c5 8.Ne2 Nc6
9.Be3 cxd4 10.cxd4 Qa5+ 11.Qd2 O-O 12.Rb1 e6 13.Qxa5 Nxa5 14.Bd3 b6 15.O-O Bb7
16.Rfc1 Rac8 17.Bd2 Nc6 18.e5 h6 19.Bb5 Rfd8 20.Be3 Bf8 21.a4 Kg7 22.Bxc6 Bxc6
23.Nc3 Ba3 24.Rd1 Be7 25.Rdc1  1/2-1/2

[Event "Copenhagen op"]
[Site "Copenhagen"]
[Date "1991.??.??"]
[Round "8"]
[White "Dokhoian, Yury"]
[Black "Svidler, Peter"]
[Result "1-0"]
[WhiteElo "2540"]
[BlackElo "2480"]

1.d4 Nf6 2.c4 g6 3.Nc3 d5 4.cxd5 Nxd5 5.e4 Nxc3 6.bxc3 Bg7 7.Be3 c5 8.Qd2 O-O
9.Rc1 e5 10.dxe5 Qxd2+ 11.Kxd2 Rd8+ 12.Kc2 b6 13.Bc4 Bb7 14.f3 Bxe5 15.Nh3 Nc6
16.Ng5 Rf8 17.Rcd1 Na5 18.Bd5 Bxd5 19.Rxd5 Bf6 20.Rhd1 Rae8 21.Bf4 Nc4 22.Rd7 a6
23.Rb7 h6 24.Nh3 g5 25.Bc1 b5 26.f4 b4 27.e5 Bd8 28.g3 Na5 29.Rbd7 Nc6 30.Nf2 Ba5
31.Ng4 Kg7 32.Ne3 bxc3 33.Nc4 Bb4 34.a3 Nd4+ 35.Kd3 Nb3 36.Be3 Rd8 37.Rd6 Rc8
38.Rb1 Na5 39.axb4 Nxc4 40.Kxc4 cxb4+ 41.Kxb4 Rb8+ 42.Rb6 Rfc8 43.Rc1  1-0

[Event "Cordoba op"]
[Site "Cordoba"]
[Date "1991.??.??"]
[Round "?"]
[White "Estremera Panos, Sergio"]
[Black "Tukmakov, Vladimir B"]
[Result "0-1"]
[WhiteElo "2300"]
[BlackElo "2520"]

1.d4 Nf6 2.c4 g6 3.Nc3 d5 4.cxd5 Nxd5 5.e4 Nxc3 6.bxc3 Bg7 7.Bb5+ c6 8.Ba4 O-O
9.Ne2 b5 10.Bb3 Bb7 11.O-O c5 12.d5 Nd7 13.Bg5 Nb6 14.Qc1 a5 15.Rb1 Ba6 16.Rd1 Qd7
17.Qe3 a4 18.Bc2 Nc4 19.Qc1 Rfc8 20.Bh6 Bh8 21.a3 Rab8 22.f4 b4 23.Bd3 Qa7  0-1

[Event "Dortmund-B"]
[Site "Dortmund"]
[Date "1991.??.??"]
[Round "3"]
[White "Vokac, Marek"]
[Black "Mikhalchishin, Adrian"]
[Result "1-0"]
[WhiteElo "2455"]
[BlackElo "2530"]

1.d4 Nf6 2.c4 g6 3.Nc3 d5 4.cxd5 Nxd5 5.e4 Nxc3 6.bxc3 Bg7 7.Be3 c5 8.Qd2 O-O
9.Nf3 Bg4 10.Ng5 cxd4 11.cxd4 Nc6 12.h3 Bd7 13.Nf3 Rc8 14.Rb1 Na5 15.Bd3 Be6
16.O-O Bc4 17.Bg5 b6 18.Rfe1 Qd7 19.Rbd1 Bxd3 20.Qxd3 h6 21.Bc1 Rfd8 22.e5 Qd5
23.e6 f5 24.Nh4 Kh7 25.Qg3 g5 26.Bxg5 Rg8 27.Bf4 Bf6 28.Qf3 Qxf3 29.Nxf3 Rc2
30.Be5 Kg6 31.Bxf6 Kxf6 32.d5 Nc4 33.Rd4 b5 34.Rh4 Rg6 35.Nd4 Rxa2 36.Nxb5 Ne5
37.Re3 Ra5 38.Nc7 Ra1+ 39.Kh2 Ra2 40.Ne8+ Kg5 41.Rd4 Rxf2 42.Rxe5 Rg8 43.Rg4+  1-0

[Event "Dortmund op"]
[Site "Dortmund"]
[Date "1991.??.??"]
[Round "5"]
[White "Von Alvensleben, Wolfram"]
[Black "Schoen, Wolfram"]
[Result "0-1"]
[WhiteElo "2240"]
[BlackElo "2390"]

1.d4 Nf6 2.c4 g6 3.Nc3 d5 4.cxd5 Nxd5 5.e4 Nxc3 6.bxc3 Bg7 7.Be3 O-O 8.Qd2 c5
9.Nf3 Bg4 10.Ng5 cxd4 11.cxd4 Nc6 12.h3 Bd7 13.Nf3 Rc8 14.Rd1 Qa5 15.Be2 Nb4
16.O-O Rc2 17.Qe1 Rxa2 18.Rd2 Nc6 19.Qb1 Rxd2 20.Bxd2 Qc7 21.Rc1 Qd6 22.d5 Nd4
23.Nxd4 Bxd4 24.Qxb7 Bb6 25.e5 Qxe5 26.Qxd7 Qxe2 27.Bh6 Qxf2+ 28.Kh2 Be3
29.Bxe3 Qxe3 30.Rb1 a5 31.Rb7 Qe5+ 32.Kh1 Ra8 33.Qxe7 Qxe7 34.Rxe7 Rd8 35.Re5 f6
36.Re6 Kf7 37.Ra6 Rxd5 38.Ra7+ Ke6 39.Rxh7 Rd7 40.Rh6 a4  0-1

[Event "Dortmund-A"]
[Site "Dortmund"]
[Date "1991.??.??"]
[Round "6"]
[White "Razuvaev, Yuri S"]
[Black "Kindermann, Stefan"]
[Result "1-0"]
[WhiteElo "2585"]
[BlackElo "2515"]

1.d4 Nf6 2.c4 g6 3.Nc3 d5 4.cxd5 Nxd5 5.e4 Nxc3 6.bxc3 Bg7 7.Bc4 O-O 8.Ne2 b6
9.Bg5 Bb7 10.f3 Nc6 11.Qd2 Qd7 12.Bh6 Rad8 13.h4 Na5 14.Bd3 e5 15.Bxg7 Kxg7
16.h5 Qe7 17.hxg6 fxg6 18.Qh6+ Kg8 19.Rd1 Rf7 20.O-O Rff8 21.Qe3 c5 22.dxe5 Qxe5
23.f4 Qe7 24.Ng3 Kh8 25.e5 Bd5 26.f5 gxf5 27.Nxf5 Qe6 28.Nh6 Qe7 29.Rde1 Be6
30.Rf6 Rxf6 31.exf6 Qxf6 32.Rf1 Qxc3 33.Qxe6 Qd4+ 34.Rf2  1-0

[Event "Dortmund-A"]
[Site "Dortmund"]
[Date "1991.??.??"]
[Round "6"]
[White "Knaak, Rainer"]
[Black "Stohl, Igor"]
[Result "0-1"]
[WhiteElo "2515"]
[BlackElo "2550"]

1.d4 Nf6 2.c4 g6 3.Nc3 d5 4.cxd5 Nxd5 5.e4 Nxc3 6.bxc3 Bg7 7.Bc4 O-O 8.Be3 Nc6
9.Nf3 e5 10.Rc1 Bg4 11.d5 Na5 12.Be2 Bxf3 13.gxf3 b6 14.Ba6 Qh4 15.Qd2 f5
16.exf5 gxf5 17.Bg5 Qh5 18.Rg1 Kh8 19.d6 cxd6 20.Qxd6 Rf7 21.Qe6 Raf8 22.Be2 Qxh2
23.Rg3 f4 24.Rg4 h5 25.Rh4 Qg1+ 26.Kd2 Qxg5 27.Rch1 Qf6 28.Rxh5+ Kg8 29.Qg4 Rd8+
30.Kc2 Kf8 31.Rg5 e4 32.Kb1 Qxc3  0-1

[Event "Telecom op"]
[Site "Dublin"]
[Date "1991.??.??"]
[Round "?"]
[White "Moulton, Paul"]
[Black "Beckett, Roger"]
[Result "1/2-1/2"]
[WhiteElo "2205"]
[BlackElo "2205"]

1.d4 Nf6 2.c4 g6 3.Nc3 d5 4.cxd5 Nxd5 5.e4 Nxc3 6.bxc3 Bg7 7.Nf3 c5 8.Rb1 O-O
9.Be2 Qc7 10.O-O b6 11.Qd3 Ba6 12.Qe3 Bxe2 13.Qxe2 Rd8 14.Be3 Nd7 15.e5 Rac8
16.Ng5 e6 17.Qf3 Nf8 18.dxc5 Rd7 19.Ne4 Qxe5 20.Bd4 Qf5 21.Qxf5 exf5 22.Nd6 Rcd8
23.Nb5 bxc5 24.Bxc5 a6 25.Nd4 Rc8 26.Bb4 Rd5 27.Nb3 Ne6 28.Rfd1 Rb5 29.Kf1 Be5
30.g3 f4 31.a4 Rb7 32.Nd2 fxg3 33.hxg3 Rcb8 34.Rbc1 Rc8 35.Nf3 Bg7 36.a5 Rbc7
37.Rd6 Bf8 38.Rb6 Bxb4 39.Rxb4 Rxc3 40.Rxc3 Rxc3 41.Nd2 Rc2 42.Nb3 Kg7 43.Rb6 Nc7
44.Nd4 Rc4 45.Nc6 Rc5 46.Nb8 Rxa5 47.Rc6 Nd5 48.Rxa6 Rb5 49.Nd7 Nc3 50.Nf6 Rf5
51.Rc6 Nb5 52.Ng4 Nd4 53.Rc3 h5 54.Ne3 Ra5 55.Kg2 g5 56.Rc4 Ne6 57.Kh2 g4
58.Ng2 Ra2 59.Kg1 Ra1+ 60.Kh2 Ng5 61.Nh4 Ra2 62.Rc5 Rxf2+ 63.Kg1 Nh3+ 64.Kh1 Rf1+
65.Kg2 Rf2+ 66.Kh1 Rb2 67.Rxh5 Nf2+ 68.Kg1 Ne4 69.Rf5 Nf6 70.Rf4 Rb5 71.Kg2 Re5
72.Kf2 Rg5 73.Rf5 Rxf5+ 74.Nxf5+ Kg6 75.Nd6 Nh5 76.Kg2 Kf6 77.Nc4 Ke6 78.Ne3 f5
79.Kf2 Nf6 80.Kg2 Ne4 81.Kh2 Ke5 82.Ng2 Nd2 83.Kg1 Ne4 84.Kh2 Kd4 85.Nh4 Nd6
86.Kg2 Ke3 87.Kf1 Kd3 88.Ke1 Ke4 89.Kf2 Nb5 90.Ng6 Nc3 91.Nh4 Nb5 92.Ng6 Nd4
93.Nh4 Kd3 94.Ng6 Nc2 95.Ne5+ Kd4 96.Ng6 Ne3 97.Nh4 Ke4 98.Ke2  1/2-1/2

[Event "Telecom op"]
[Site "Dublin"]
[Date "1991.??.??"]
[Round "?"]
[White "Sadler, Matthew"]
[Black "Conquest, Stuart"]
[Result "1-0"]
[WhiteElo "2440"]
[BlackElo "2460"]

1.d4 Nf6 2.c4 g6 3.Nc3 d5 4.cxd5 Nxd5 5.e4 Nxc3 6.bxc3 Bg7 7.Bc4 c5 8.Ne2 O-O
9.O-O Nc6 10.Be3 Bd7 11.Rb1 cxd4 12.cxd4 Qc7 13.Qd2 Nxd4 14.Bxf7+ Rxf7 15.Nxd4 b6
16.Rfc1 Qd6 17.Qb4 Rc8 18.Rxc8+ Bxc8 19.Qc4 Bd7 20.Nb5 Bxb5 21.Qxb5 e6 22.Rc1 Qd7
23.Qc4 Bb2 24.Rb1 Be5 25.g3 Qe8 26.Rd1 Rd7 27.Rxd7 Qxd7 28.a4 Kf7 29.Kg2 Qc7
30.Qb5 Bd6 31.h4 Qb7 32.Kf3 h5 33.a5 Qc7 34.axb6 axb6 35.Bxb6 Qb7 36.Qa5 Be7
37.Bd4 Qb1 38.Qe5 Ke8 39.Qg7 Qh1+ 40.Kf4 Qc1+ 41.Be3 g5+ 42.hxg5 Bd6+ 43.Kf3 Qh1+
44.Ke2 Qxe4 45.Qc3 Kf7 46.Qc8 Be7 47.Qc7 Kf8 48.f3 Qf5 49.Qc3 Kf7 50.Qc7 Kf8
51.Qc8+ Kf7 52.Qd7 Qc2+ 53.Kf1 Qc4+ 54.Kg2 Qc2+ 55.Bf2 Qf5 56.f4 Qe4+ 57.Kh2 Qf3
58.g6+ Kxg6 59.Qxe6+ Bf6 60.Bd4  1-0

[Event "Festuge op"]
[Site "Festuge"]
[Date "1991.??.??"]
[Round "?"]
[White "Kjeldsen, Jens"]
[Black "Fogarasi, Tibor"]
[Result "1/2-1/2"]
[WhiteElo "2305"]
[BlackElo "2410"]

1.d4 Nf6 2.c4 g6 3.Nc3 d5 4.cxd5 Nxd5 5.e4 Nxc3 6.bxc3 Bg7 7.Nf3 c5 8.Rb1 O-O
9.Be2 cxd4 10.cxd4 Qa5+ 11.Qd2 Qxd2+ 12.Bxd2 b6 13.O-O Bb7 14.Bd3 e6 15.Rfc1 Nc6
16.e5 Rad8 17.Bg5 Rc8 18.Be4 Ba8 19.Kf1 h6 20.Be3 Rfd8 21.Rb2 Ne7 22.Rxc8 Rxc8
23.Bxa8 Rxa8 24.Rc2 Nd5 25.Ne1 Nb4 26.Rb2 Nd5 27.Rc2 g5 28.Nd3 Bf8 29.Ke2 Kg7
30.h3 b5 31.f4 Kg6 32.g4 a5 33.Rc6 gxf4 34.Nxf4+ Nxf4+ 35.Bxf4 Rd8 36.Kd3 a4
37.Be3 Be7 38.Rb6 Rd5 39.Rb7 Bh4  1/2-1/2

[Event "Festuge op"]
[Site "Festuge"]
[Date "1991.??.??"]
[Round "?"]
[White "Jakobsen, Peter"]
[Black "Ledger, Andrew"]
[Result "1/2-1/2"]
[WhiteElo "2330"]
[BlackElo "2350"]

1.d4 Nf6 2.c4 g6 3.Nc3 d5 4.cxd5 Nxd5 5.e4 Nxc3 6.bxc3 Bg7 7.Bc4 c5 8.Ne2 Nd7
9.O-O Qc7 10.Bb3 O-O 11.Bg5 e6 12.e5 c4 13.Bc2 f6 14.exf6 Nxf6 15.Bf4 Qe7
16.Be5 Bh6 17.Ng3 Nd5 18.Ne4 Bf4 19.Nd6 Nxc3 20.Qe1 Nd5 21.Nxc4 b6 22.Qe2 Ba6
23.Bb3 Rac8 24.g3 Bxe5 25.dxe5 Qb4 26.Rfc1 Rc6 27.Rc2 Rfc8 28.Rac1 Bb5 29.Qe4 Ba4
30.Bxa4 Qxa4 31.f3 b5 32.Na3 Rxc2 33.Rxc2 Rxc2 34.Nxc2 Qxe4 35.fxe4 Nc3 36.a3 Kf7
37.Kf2 Nxe4+ 38.Ke3 Nc3 39.Kd4 Nd5 40.Kc5 a6 41.Nb4 Ne3  1/2-1/2

[Event "Festuge op"]
[Site "Festuge"]
[Date "1991.??.??"]
[Round "?"]
[White "Kjeldsen, Jens"]
[Black "Ledger, Andrew"]
[Result "1-0"]
[WhiteElo "2305"]
[BlackElo "2350"]

1.d4 Nf6 2.c4 g6 3.Nc3 d5 4.cxd5 Nxd5 5.e4 Nxc3 6.bxc3 Bg7 7.Bc4 c5 8.Ne2 Nd7
9.O-O Qc7 10.Bd3 O-O 11.Bg5 e5 12.Rc1 Qd6 13.f4 exd4 14.e5 Qb6 15.Rb1 Qa5
16.cxd4 cxd4 17.Be7 Re8 18.Bb4 Qxa2 19.Nxd4 Bf8 20.Bxf8 Rxf8 21.Rc1 Nb6 22.Nb5 Bd7
23.Rf2 Qa5 24.Nd6 Bc6 25.Qg4 Rad8 26.Bb1 Qa3 27.Rcf1 Qb4 28.Qg5 f6 29.Qg3 fxe5
30.fxe5 Qd4 31.Bxg6 hxg6 32.Qxg6+ Kh8 33.Nf5 Rxf5 34.Qxf5 Bb5 35.Re1 Bd3
36.Qf6+ Kg8 37.Kh1 Rd7 38.Rf4 Qd5 39.Qf8+ Kh7 40.Rh4+ Kg6 41.Rh6+ Kg5 42.Qf6+ Kg4
43.Rh4+  1-0

[Event "Forli op"]
[Site "Forli"]
[Date "1991.??.??"]
[Round "3"]
[White "Mileto, Gabriele"]
[Black "Falchetta, Giovanni"]
[Result "1/2-1/2"]
[WhiteElo "2255"]
[BlackElo "2235"]

1.d4 Nf6 2.c4 g6 3.Nc3 d5 4.cxd5 Nxd5 5.e4 Nxc3 6.bxc3 Bg7 7.Nf3 O-O 8.Be2 b6
9.Bg5 Bb7 10.Qd3 Qd7 11.Qe3 c5 12.O-O cxd4 13.cxd4 e6 14.Rfd1 Rc8 15.Rab1 Qd6
16.d5 Nd7 17.Bf4 Ne5 18.a4 Nxf3+ 19.Bxf3 e5 20.Bg5 Rc5 21.Qb3 Ba6 22.Bd2 Qd7
23.Bb4 Rcc8 24.a5 Bc4 25.Qa3 b5  1/2-1/2

[Event "Forli op"]
[Site "Forli"]
[Date "1991.??.??"]
[Round "5"]
[White "Mileto, Gabriele"]
[Black "Zadrima, Aldo"]
[Result "1/2-1/2"]
[WhiteElo "2255"]
[BlackElo "2235"]

1.d4 Nf6 2.c4 g6 3.Nc3 d5 4.cxd5 Nxd5 5.e4 Nxc3 6.bxc3 Bg7 7.Nf3 c5 8.Rb1 O-O
9.Be2 Nc6 10.d5 Bxc3+ 11.Bd2 Bxd2+ 12.Qxd2 Na5 13.h4 Bg4 14.Ng5 Bxe2 15.Kxe2 h6
16.h5 hxg5 17.hxg6 fxg6 18.Qxg5 Qd6 19.Rh6 Qa6+ 20.Ke1 Kg7 21.Rh4 Kf7 22.e5 Qd3
23.Rd1 Qc3+ 24.Kf1 Qc2 25.Rd2 Qb1+ 26.Ke2 Ke8 27.Rh7 Qe4+ 28.Kd1 Qb1+  1/2-1/2

[Event "FRA-chT"]
[Site "FRA"]
[Date "1991.??.??"]
[Round "?"]
[White "Touzane, Olivier"]
[Black "Anic, Darko"]
[Result "1/2-1/2"]
[WhiteElo "2100"]
[BlackElo "2430"]

1.d4 Nf6 2.c4 g6 3.Nc3 d5 4.cxd5 Nxd5 5.e4 Nxc3 6.bxc3 Bg7 7.Nf3 c5 8.Rb1 O-O
9.Be2 b6 10.O-O Bb7 11.Qd3 Ba6 12.Qe3 cxd4 13.cxd4 Qd7 14.Bxa6 Nxa6 15.Bb2 Rfc8
16.Qa3 Nc7 17.d5 Qd6 18.Rfc1 Nb5 19.Qb3 Rxc1+ 20.Rxc1 Bxb2 21.Qxb2 Qf4 22.Rd1 Nd6
23.e5 Nc4 24.Qc3 Rc8 25.Qb4 Rd8 26.e6 fxe6 27.Qxe7 Qd6 28.Qh4 exd5 29.Re1 Rf8
30.Re7 h6 31.Rxa7 Qf6 32.Qxf6 Rxf6 33.Rd7 Rd6 34.Rxd6 Nxd6 35.Kf1 Ne4 36.Ne5 Kg7
37.f3 Nc3 38.a3 Nb1 39.Nd7 b5 40.Nb6 Nxa3 41.Nxd5 Kf7 42.Ke2 Ke6 43.Nb4 Ke5
44.Kd3 Nc4 45.g3 g5 46.Kc3 Ne3 47.Nd3+ Kf5 48.Kb4 Nc2+ 49.Kc3 Ne3 50.Kb4 Nc4
51.Kxb5 Nd2 52.g4+ Kf6 53.f4 gxf4 54.Nxf4 Kg5 55.Ne6+ Kxg4 56.Ng7 Nf3 57.Kc4 Nxh2
58.Kd3 Kf3  1/2-1/2

[Event "FRA-ch"]
[Site "FRA"]
[Date "1991.??.??"]
[Round "1"]
[White "Sharif, Mershad"]
[Black "Anic, Darko"]
[Result "1/2-1/2"]
[WhiteElo "2415"]
[BlackElo "2410"]

1.d4 Nf6 2.c4 g6 3.Nc3 d5 4.cxd5 Nxd5 5.e4 Nxc3 6.bxc3 Bg7 7.Be3 c5 8.Qd2 Qa5
9.Nf3 Nc6 10.Rc1 Bg4 11.d5 Rd8 12.Be2 O-O 13.O-O e6 14.Rfd1 exd5 15.exd5 Ne7
16.c4 Qxd2 17.Rxd2 b6 18.Bf4 Bxf3 19.Bxf3 Nf5 20.Re2  1/2-1/2

[Event "FRA-ch"]
[Site "FRA"]
[Date "1991.??.??"]
[Round "3"]
[White "Hauchard, Arnaud"]
[Black "Kouatly, Bachar"]
[Result "1/2-1/2"]
[WhiteElo "2435"]
[BlackElo "2485"]

1.d4 Nf6 2.c4 g6 3.Nc3 d5 4.cxd5 Nxd5 5.e4 Nxc3 6.bxc3 Bg7 7.Bb5+ Bd7 8.Bxd7+ Qxd7
9.Nf3 Qg4 10.Qe2 Qxg2 11.Rg1 Qh3 12.Qb5+ Nd7 13.Rg3 Qe6 14.Qxb7 Rb8 15.Qxc7 Qxe4+
16.Kf1 Qa8 17.Ba3 Rc8 18.Qa5 Bf6 19.Re1 Nb6 20.Bc5 O-O 21.Bxe7 Bxe7 22.Rxe7 Nd5
23.Rxa7 Qb8 24.Qxd5 Qxa7 25.Ne5 Rfd8 26.Qf3 Qxa2 27.c4 Rc7 28.Qc3 f6 29.Ng4 Qxc4+
30.Qxc4+ Rxc4 31.Nxf6+ Kg7 32.Nh5+ Kh6 33.Nf4 Rd6 34.Ne2 g5 35.Re3 Kg6 36.Re5 Kf6
37.h4 h6 38.hxg5+ hxg5 39.Rb5 Re6 40.d5 Rd6 41.Ng3 Ke5 42.Rb3 Rxd5 43.Re3+ Kf6
44.Ne4+ Kg6 45.Kg2 Re5 46.f3 Ra5 47.Rb3 Rc1 48.Rb6+ Kf5 49.Ng3+ Ke5 50.Kh3 Rc2
51.Rb4 Rf2 52.Kg4 Rg2 53.f4+ Kd5 54.Kh3  1/2-1/2

[Event "Garmisch Partenkirchen op"]
[Site "Garmisch Partenkirchen"]
[Date "1991.??.??"]
[Round "?"]
[White "Dautov, Rustem"]
[Black "Luecke, Norbert"]
[Result "1-0"]
[WhiteElo "2570"]
[BlackElo "2390"]

1.d4 Nf6 2.c4 g6 3.Nc3 d5 4.cxd5 Nxd5 5.e4 Nxc3 6.bxc3 Bg7 7.Bb5+ Bd7 8.Be2 c5
9.Nf3 cxd4 10.cxd4 Bc6 11.Qd3 f5 12.exf5 Qa5+ 13.Bd2 Qxf5 14.Qxf5 gxf5 15.Rc1 Bd5
16.Rc5 e6 17.Bc4 Bxc4 18.Rxc4 Nc6 19.O-O O-O 20.Rb1 Rf7 21.Re1 Rd7 22.Rxe6 Nxd4
23.Nxd4 Bxd4 24.Bf4 Kf7 25.Re1 Re8 26.Rxe8 Kxe8 27.g3 Bb6 28.Kg2 Kf7 29.Rc3 Bd4
30.Rd3 Ke6 31.Kf3 b5 32.Be3 Ke5 33.Ke2 a6 34.h4 Rd5 35.Bf4+ Ke6 36.Ra3 Rc5
37.Rxa6+ Kf7 38.Be3 Rc2+ 39.Kd3 Bxe3 40.Kxc2 Bxf2 41.Ra3 Kg6 42.Kd2 b4 43.Rf3  1-0

[Event "Gausdal Int"]
[Site "Gausdal"]
[Date "1991.??.??"]
[Round "1"]
[White "Hegeler, Frank"]
[Black "Dvoirys, Semen I"]
[Result "0-1"]
[WhiteElo "2245"]
[BlackElo "2525"]

1.d4 Nf6 2.c4 g6 3.Nc3 d5 4.cxd5 Nxd5 5.e4 Nxc3 6.bxc3 Bg7 7.Bb5+ Bd7 8.Bxd7+ Qxd7
9.Nf3 c5 10.O-O O-O 11.Be3 cxd4 12.cxd4 Nc6 13.d5 Nb4 14.Bd4 Bxd4 15.Nxd4 Rfc8
16.Qb3 Na6 17.Rab1 Nc5 18.Qe3 Na4 19.Rb3 Rc4 20.Qh6 Nc3 21.Re1 Rac8  0-1

[Event "Peer Gynt"]
[Site "Gausdal"]
[Date "1991.??.??"]
[Round "2"]
[White "Remlinger, Larry"]
[Black "Dvoirys, Semen I"]
[Result "1/2-1/2"]
[WhiteElo "2370"]
[BlackElo "2525"]

1.d4 Nf6 2.c4 g6 3.Nc3 d5 4.cxd5 Nxd5 5.e4 Nxc3 6.bxc3 Bg7 7.Bc4 c5 8.Ne2 Nc6
9.Be3 O-O 10.Rc1 e6 11.O-O Qe7 12.Qd2 b6 13.Bh6 Bb7 14.Bxg7 Kxg7 15.Qe3 Rac8
16.Qg3 Rfd8 17.Rfd1 Na5 18.Bd3 cxd4 19.cxd4 Rxc1 20.Rxc1 Nc6 21.h4 Nxd4 22.Rc7 Rd7
23.Rxd7 Nxe2+ 24.Bxe2 Qxd7 25.Qc3+ Kg8 26.h5 gxh5 27.Qg3+ Kf8 28.Qb8+ Ke7
29.Qxa7 Bxe4 30.Qxb6 Qd2 31.Qc5+ Kf6 32.Bxh5 Bd5 33.Qc7 Qe1+ 34.Kh2 Qe5+
35.Qxe5+ Kxe5 36.a4 f5 37.Kg3 Bc6 38.a5 Bb5 39.f4+ Kd4 40.Bf7 e5 41.Be6 Bc6
42.fxe5 Kxe5 43.Bg8 f4+ 44.Kf2 h6 45.Bc4 Kd4 46.Ba6 Kc5 47.Bc8 Kb5 48.a6 Kb6
49.Bb7 Bb5 50.Kf3 Bf1 51.Kxf4 Bxg2  1/2-1/2

[Event "Peer Gynt"]
[Site "Gausdal"]
[Date "1991.??.??"]
[Round "2"]
[White "Vladimirov, Evgeny"]
[Black "Wegner, Hannu"]
[Result "1-0"]
[WhiteElo "2580"]
[BlackElo "2425"]

1.d4 Nf6 2.c4 g6 3.Nc3 d5 4.cxd5 Nxd5 5.e4 Nxc3 6.bxc3 Bg7 7.Bc4 c5 8.Ne2 O-O
9.O-O Nc6 10.Be3 Bg4 11.d5 Na5 12.Bd3 c4 13.Bc2 Bxc3 14.Rb1 Bxe2 15.Qxe2 Qd7
16.Rfd1 Rfc8 17.f4 b5 18.e5 b4 19.e6 fxe6 20.Be4 e5 21.d6 exd6 22.Bxa8 Rxa8
23.fxe5 Bxe5 24.Rxb4 Re8 25.Qf3 Bc3 26.Rbb1 Qf7 27.Qxf7+ Kxf7 28.Bd4 Bxd4+
29.Rxd4 Re7 30.Rxd6 Rc7 31.Rc1 Ke7 32.Ra6  1-0